000 006060000a22001810004500
003 MACL
005 20160209173913.0
008 160209b xxu||||| |||| 00| 0 eng d
040 _aMACL
_cMACL
041 _aHindi
082 _a294
100 _aशास्‍त्री पं. देवदत्‍त
_937539
245 _aकामसूत्र का समाजशास्‍त्रीय अघ्‍ययन
260 _bविविघ भारती प्रकाशन
_c1982
_aइलाहाबाद
350 _a80
650 _aReligion
_937540
942 _cHIN
_k294
_2ddc
999 _c27670
_d27670